<?xml version="1.0" encoding="UTF-8"?><?xml-stylesheet type="text/xsl" href="static/style.xsl"?><OAI-PMH xmlns="http://www.openarchives.org/OAI/2.0/" xmlns:xsi="http://www.w3.org/2001/XMLSchema-instance" xsi:schemaLocation="http://www.openarchives.org/OAI/2.0/ http://www.openarchives.org/OAI/2.0/OAI-PMH.xsd"><responseDate>2026-06-30T00:33:53Z</responseDate><request verb="GetRecord" identifier="oai:repisalud.isciii.es:20.500.12105/17308" metadataPrefix="marc">https://repisalud.isciii.es/rest/oai/request</request><GetRecord><record><header><identifier>oai:repisalud.isciii.es:20.500.12105/17308</identifier><datestamp>2024-11-28T14:43:52Z</datestamp><setSpec>com_20.500.12105_15322</setSpec><setSpec>com_20.500.12105_2051</setSpec><setSpec>col_20.500.12105_16927</setSpec></header><metadata><record xmlns="http://www.loc.gov/MARC21/slim" xmlns:dcterms="http://purl.org/dc/terms/" xmlns:doc="http://www.lyncode.com/xoai" xmlns:xsi="http://www.w3.org/2001/XMLSchema-instance" xsi:schemaLocation="http://www.loc.gov/MARC21/slim http://www.loc.gov/standards/marcxml/schema/MARC21slim.xsd">
   <leader>00925njm 22002777a 4500</leader>
   <datafield ind2=" " ind1=" " tag="042">
      <subfield code="a">dc</subfield>
   </datafield>
   <datafield ind2=" " ind1=" " tag="720">
      <subfield code="a">Roca-Rodríguez, M Mar</subfield>
      <subfield code="e">author</subfield>
   </datafield>
   <datafield ind2=" " ind1=" " tag="720">
      <subfield code="a">Muros de Fuentes, María Teresa</subfield>
      <subfield code="e">author</subfield>
   </datafield>
   <datafield ind2=" " ind1=" " tag="720">
      <subfield code="a">Piédrola-Maroto, Gonzalo</subfield>
      <subfield code="e">author</subfield>
   </datafield>
   <datafield ind2=" " ind1=" " tag="720">
      <subfield code="a">Quesada-Charneco, Miguel</subfield>
      <subfield code="e">author</subfield>
   </datafield>
   <datafield ind2=" " ind1=" " tag="720">
      <subfield code="a">Maraver-Selfa, Silvia</subfield>
      <subfield code="e">author</subfield>
   </datafield>
   <datafield ind2=" " ind1=" " tag="720">
      <subfield code="a">Tinahones, Francisco J</subfield>
      <subfield code="e">author</subfield>
   </datafield>
   <datafield ind2=" " ind1=" " tag="720">
      <subfield code="a">Mancha-Doblas, Isabel</subfield>
      <subfield code="e">author</subfield>
   </datafield>
   <datafield ind2=" " ind1=" " tag="260">
      <subfield code="c">2017-05</subfield>
   </datafield>
   <datafield ind2=" " ind1=" " tag="520">
      <subfield code="a">[ES] Objetivo: Evaluar la tolerancia a lixisenatida y sus efectos sobre el peso y el control metabólico de pacientes con diabetes tipo 2 y obesidad. Diseño: ˜Estudio prospectivo. Emplazamiento: Consultas de atención especializada de Endocrinología y Nutrición en Almería, Granada y Málaga. Participantes: Pacientes con diabetes tipo 2 y obesidad. Intervenciones: Respuesta y tolerancia al tratamiento con lixisenatida. Mediciones principales: Se analizaron datos clínicos y analíticos con medidas de cambio intrasujeto antes-después del tratamiento. Resultados: Evaluamos 104 pacientes (51% mujeres) con diabetes tipo 2 y obesidad (Almería 18,3%; Granada 40,4%; Málaga 41,3%). Edad media 58,4 ± 10,5 anos ˜ y duración media de diabetes 11,2 ± 6,7 anos. ˜ El tiempo medio desde la visita basal a la revisión tras inicio de tratamiento con lixisenatida fue de 3,8 ± 1,6 meses. Encontramos mejoría significativa del peso (p &lt; 0,001)índice de masa corporal (p &lt; 0,001), circunferencia de cintura (p = 0,002), presión arterial sistólica (p &lt; 0,001) y diastólica (p = 0,001), glucemia en ayunas (p &lt; 0,001), HbA1c (p = 0,022), colesterol total (p &lt; 0,001), colesterol LDL (p = 0,046) y triglicéridos (p = 0,020). No se observó alteración de cifras de amilasa en relación con el tratamiento con lixisenatida, y el 7,9% no lo toleraron. Conclusiones: Lixisenatida consigue: 1) mejoría significativa de parámetros antropométricos ycontrol glucémico (glucemia basal y HbA1c); 2) descenso significativo de la presión arterial y del perfil lipídico, y 3) seguridad y buena tolerancia en la mayoría de los pacientes. Además, encontramos una significativa intensificación del tratamiento antihipertensivo e hipolipemiante. [EN] Aim: To evaluate tolerance to lixisenatide and its effects on weight and metabolic control in type2 diabetes and obese patients. Design: Prospective study. Setting: Endocrinology clinics in Almeria, Granada and Malaga. Participants: Patients with type2 diabetes and obesity. Interventions: Response and tolerance to lixisenatide treatment. Main measurements: Clinical and analytical data of the subjects were evaluated at baseline and after treatment. Results: The study included 104 patients (51% women) with type2 diabetes and obesity (Almeria 18.3%; Granada 40.4%; Malaga 41.3%). The mean age was 58.4±10.5years, and the mean duration of diabetes was 11.2±6.7years. The patients were re-evaluated at 3.8±1.6months after treatment with lixisenatide. Significant improvements were found in weight (P&lt;.001), body mass index (P&lt;.001), waist circumference (P=.002), systolic blood pressure (P&lt;.001), diastolic blood pressure (P=.001), fasting glucose (P&lt;.001), HbA1c (P=.022), Total cholesterol (P&lt;.001), LDL-cholesterol (P=.046), triglycerides (P=.020), hypertension drugs (P&lt;.001), and lipids drugs (P&lt;.001). No changes were observed in levels of amylase related to lixisenatide treatment, and 7.9% of patients did not tolerate it. Conclusions: Lixisenatide achieved signiﬁcant improvements in anthropometric parameters, glycaemic control (fasting glucose and HbA1c), blood pressure and lipids. It was safe and well tolerated in most patients. In addition, there was a significant increase in the use of antihypertensive and lipid-lowering therapy.</subfield>
   </datafield>
   <datafield ind1="8" ind2=" " tag="024">
      <subfield code="a">10.1016/j.aprim.2016.06.009</subfield>
   </datafield>
   <datafield ind1="8" ind2=" " tag="024">
      <subfield code="a">1578-1275</subfield>
   </datafield>
   <datafield ind1="8" ind2=" " tag="024">
      <subfield code="a">0212-6567</subfield>
   </datafield>
   <datafield ind1="8" ind2=" " tag="024">
      <subfield code="a">Atención Primaria</subfield>
   </datafield>
   <datafield ind1="8" ind2=" " tag="024">
      <subfield code="a">http://hdl.handle.net/10668/2690</subfield>
   </datafield>
   <datafield ind1="8" ind2=" " tag="024">
      <subfield code="a">27667144</subfield>
   </datafield>
   <datafield ind1="8" ind2=" " tag="024">
      <subfield code="a">http://hdl.handle.net/20.500.12105/17308</subfield>
   </datafield>
   <datafield tag="653" ind2=" " ind1=" ">
      <subfield code="a">Type 2 diabetes</subfield>
   </datafield>
   <datafield tag="653" ind2=" " ind1=" ">
      <subfield code="a">Obesity</subfield>
   </datafield>
   <datafield tag="653" ind2=" " ind1=" ">
      <subfield code="a">GLP-1</subfield>
   </datafield>
   <datafield tag="653" ind2=" " ind1=" ">
      <subfield code="a">Lixisenatide</subfield>
   </datafield>
   <datafield tag="653" ind2=" " ind1=" ">
      <subfield code="a">Metabolic control</subfield>
   </datafield>
   <datafield tag="653" ind2=" " ind1=" ">
      <subfield code="a">Diabetes tipo 2</subfield>
   </datafield>
   <datafield tag="653" ind2=" " ind1=" ">
      <subfield code="a">Obesidad</subfield>
   </datafield>
   <datafield tag="653" ind2=" " ind1=" ">
      <subfield code="a">Análogos de GLP-1</subfield>
   </datafield>
   <datafield tag="653" ind2=" " ind1=" ">
      <subfield code="a">Lixisenatida</subfield>
   </datafield>
   <datafield tag="653" ind2=" " ind1=" ">
      <subfield code="a">Control metabólico</subfield>
   </datafield>
   <datafield ind2="0" ind1="0" tag="245">
      <subfield code="a">Lixisenatida en pacientes con diabetes tipo 2 y obesidad: más allá del control glucémico</subfield>
   </datafield>
</record></metadata></record></GetRecord></OAI-PMH>